[Event "TCh-RUS HL 2022"]
[Site "Sochi RUS"]
[Date "2022.05.08"]
[Round "7.1"]
[Board "4"]
[White "Polukhin, Alexander"]
[Black "Semenova, Elena1"]
[Result "0-1"]
[BlackTitle "WIM"]
[WhiteElo "2170"]
[BlackElo "2280"]
[WhiteTeam "Inleksis (Voronezhskaya oblast)"]
[BlackTeam "Qmal (QNAO)"]
[WhiteFideId "34143022"]
[BlackFideId "24125148"]
[EventDate "2022.05.01"]

1. e4 e5 2. Nf3 Nc6 3. d4 exd4 4. Bc4 Nf6 5. O-O Nxe4 6. Re1 d5 7. Bxd5 Qxd5 8.
Nc3 Qd7 9. Nxe4 Be7 10. Bg5 O-O 11. Bxe7 Qxe7 12. Nxd4 Bd7 13. Nb3 Rae8 14. Re3
Bc8 15. Qe2 Rd8 16. c3 h6 17. Re1 Qh4 18. Ned2 b6 19. Nf3 Qf6 20. Nbd4 Nxd4 21.
Nxd4 c5 22. Nf3 Be6 23. Qa6 Rd7 24. a4 Qf4 25. Qb5 Qc7 26. h3 Rd5 27. Qe2 Rfd8
28. Re4 Qd6 29. Ne5 Rd1 30. Qa6 Rxe1+ 31. Rxe1 Qd2 32. Re2 Qc1+ 33. Kh2 Qf4+ 34.
g3 Qf5 35. g4 Qf4+ 36. Kg2 Bd5+ 37. f3 Re8 38. c4 Bxf3+ 0-1

[Event "TCh-RUS HL 2022"]
[Site "Sochi RUS"]
[Date "2022.05.08"]
[Round "7.2"]
[Board "1"]
[White "Bocharov, Dmitry"]
[Black "Zakaryan, David"]
[Result "1/2-1/2"]
[WhiteTitle "GM"]
[BlackTitle "IM"]
[WhiteElo "2516"]
[BlackElo "2313"]
[WhiteTeam "Sbornaya Novosibirskoy oblasti"]
[BlackTeam "KOO Federatsiya shakhmat Krasnodarskogo kra"]
[WhiteFideId "4138716"]
[BlackFideId "24101923"]
[EventDate "2022.05.01"]

1. Nf3 Nf6 2. c4 g6 3. Nc3 Bg7 4. e4 c5 5. d4 cxd4 6. Nxd4 Nc6 7. Nc2 d6 8. Be2
Nd7 9. Bd2 O-O 10. O-O Nc5 11. f3 a5 12. Kh1 Be6 13. b3 Qb6 14. Rb1 Rfc8 15. a3
Qd8 16. Nd5 a4 17. b4 Nb3 18. Be3 Bxd5 19. cxd5 Ne5 1/2-1/2

[Event "TCh-RUS HL 2022"]
[Site "Sochi RUS"]
[Date "2022.05.08"]
[Round "7.2"]
[Board "2"]
[White "Gochelashvili, David"]
[Black "Kezin, Roman"]
[Result "1/2-1/2"]
[WhiteTitle "IM"]
[BlackTitle "IM"]
[WhiteElo "2393"]
[BlackElo "2510"]
[WhiteTeam "KOO Federatsiya shakhmat Krasnodarskogo kra"]
[BlackTeam "Sbornaya Novosibirskoy oblasti"]
[WhiteFideId "4161203"]
[BlackFideId "24124621"]
[EventDate "2022.05.01"]

1. e4 c5 2. c3 Nf6 3. e5 Nd5 4. d4 cxd4 5. cxd4 d6 6. Nf3 Nc6 7. Bc4 dxe5 8.
Bxd5 Qxd5 9. Nc3 Qd6 10. d5 Nd4 11. Nxd4 exd4 12. Qxd4 e5 13. Qd3 Bd7 14. O-O
Qg6 15. Qe2 Bd6 16. f4 O-O 17. fxe5 Rfe8 18. Bf4 Bxe5 19. Bxe5 f6 20. Qf2 Rxe5
21. Rfe1 Rf5 22. Qd4 Rg5 23. Re2 h5 24. Rae1 Rg4 25. Qf2 b6 26. Re7 Rd8 27. h3
Rg5 28. Kh2 Kh8 29. R1e2 Kg8 30. Qf4 Bf5 31. Rxa7 Bd3 32. Rd2 Kh7 33. Qf3 Bf5
34. Rb7 Rd6 35. Qf4 Rd8 36. Rxb6 Re8 37. Rb7 Re1 38. Qf3 Ra1 39. Rb4 Bg4 40. Qe3
Bd7 41. Re4 Rf5 42. Rf4 Qg5 43. Rdf2 Re5 44. Qd3+ Kg8 45. h4 Qh6 46. Re4 Rxe4
47. Qxe4 Qc1 48. Kg3 Qh1 49. Ne2 Rxa2 50. Nf4 Qd1 51. Qf3 Qe1 52. Qe2 Qb4 53.
Qxh5 Rxb2 54. Rxb2 Qxb2 55. Kh2 Qb8 56. g3 Qc8 57. Qe2 Qc3 58. Kg2 Qd4 59. Qd3
Qb2+ 60. Kf3 Qc1 61. Ne6 Qh1+ 62. Kf4 Qc1+ 63. Qe3 Qf1+ 64. Qf3 Qc1+ 65. Qe3
Qf1+ 66. Qf3 Qc1+ 67. Kf5 Ba4 68. Nd4 Bd7+ 69. Ke4 Qe1+ 70. Kd3 Qb1+ 71. Kc4 Qb6
72. Nc6 Qb2 73. Kc5 Be8 74. Qe3 Qc2+ 75. Kd6 Bf7 76. Ne7+ Kh8 77. Qa3 Qe4 78.
Qb2 Kh7 79. Qc3 Be8 80. Nc6 Bf7 81. Qd4 Qf3 82. Kc5 Qa3+ 83. Kb6 Qb3+ 84. Kc5
Qa3+ 85. Kb6 Qb3+ 86. Kc5 Qa3+ 1/2-1/2

[Event "TCh-RUS HL 2022"]
[Site "Sochi RUS"]
[Date "2022.05.08"]
[Round "7.2"]
[Board "3"]
[White "Obgolts, Erik"]
[Black "Oganian, Miran"]
[Result "1/2-1/2"]
[WhiteTitle "FM"]
[BlackTitle "IM"]
[WhiteElo "2437"]
[BlackElo "2437"]
[WhiteTeam "Sbornaya Novosibirskoy oblasti"]
[BlackTeam "KOO Federatsiya shakhmat Krasnodarskogo kra"]
[WhiteFideId "24199044"]
[BlackFideId "4122488"]
[EventDate "2022.05.01"]

1. d4 Nf6 2. Nf3 d5 3. Bf4 c5 4. e3 Nc6 5. Nbd2 Qb6 6. dxc5 Qxb2 7. Rb1 Qc3 8.
Bb5 e6 9. O-O Be7 10. e4 O-O 11. e5 Nd7 12. Nb3 Qb4 13. Nbd4 Qxc5 14. Re1 Nxd4
15. Nxd4 Rd8 16. Rb3 Nf8 17. Rh3 f5 18. Be3 Qc7 19. f4 Bc5 20. Bd3 Qb6 21. Qa1
Bd7 22. Rb1 Qc7 23. Qc3 Rac8 24. Rf3 Bb6 25. Qxc7 Rxc7 26. Nb3 Bxe3+ 27. Rxe3
Ng6 28. g3 Ne7 29. Nd4 Kf7 30. Kf2 a6 31. Rb6 Nc8 32. Rb1 g6 33. g4 fxg4 34. Rg1
Bb5 35. Nxb5 axb5 36. Rxg4 Ne7 37. h4 Nf5 38. Rh3 Ng7 39. Rg1 Ra8 40. Rb1 Rc5
41. Rxb5 Rxb5 42. Bxb5 Rxa2 43. Rc3 Nf5 44. Rc7+ Ne7 45. Bd3 Rb2 46. Rd7 Rb6 47.
Rd8 Rc6 48. Rd7 Rb6 49. Rd8 Rc6 50. Rd7 Rb6 1/2-1/2

[Event "TCh-RUS HL 2022"]
[Site "Sochi RUS"]
[Date "2022.05.08"]
[Round "7.2"]
[Board "4"]
[White "Khripachenko, Alexander"]
[Black "Khubukshanov, Erdem"]
[Result "1/2-1/2"]
[WhiteTitle "FM"]
[BlackTitle "FM"]
[WhiteElo "2195"]
[BlackElo "2392"]
[WhiteTeam "KOO Federatsiya shakhmat Krasnodarskogo kra"]
[BlackTeam "Sbornaya Novosibirskoy oblasti"]
[WhiteFideId "54184975"]
[BlackFideId "54114527"]
[EventDate "2022.05.01"]

1. e4 c5 2. Nf3 d6 3. d4 cxd4 4. Nxd4 Nf6 5. f3 e5 6. Nb3 d5 7. Bg5 Be6 8. Bxf6
gxf6 9. exd5 Qxd5 10. Qxd5 Bxd5 11. Nc3 Be6 12. O-O-O Nc6 13. Bb5 Rc8 14. Nd5 f5
15. Nf6+ Ke7 16. Nd5+ Ke8 1/2-1/2

[Event "TCh-RUS HL 2022"]
[Site "Sochi RUS"]
[Date "2022.05.08"]
[Round "7.3"]
[Board "1"]
[White "Averin, Nikolay"]
[Black "Smirnov, Timofey"]
[Result "1/2-1/2"]
[BlackTitle "FM"]
[WhiteElo "2427"]
[BlackElo "2409"]
[WhiteTeam "Shkola im. M.M. Botvinnika (g. Moskva)"]
[BlackTeam "Severnyy kharakter (g. Moskva)"]
[WhiteFideId "24250473"]
[BlackFideId "24176427"]
[EventDate "2022.05.01"]

1. e4 e5 2. Nf3 Nc6 3. Bb5 Nf6 4. O-O Nxe4 5. d4 Nd6 6. dxe5 Nxb5 7. a4 Nd6 8.
Bg5 f6 9. Re1 Be7 10. exd6 cxd6 11. Bf4 Ne5 12. Qd5 Qc7 13. Nc3 Rb8 14. Nb5 Qc6
15. Rad1 Qxd5 16. Rxd5 Kf7 17. Nfd4 Re8 18. f3 b6 19. b3 Bb7 20. Nxd6+ Bxd6 21.
Rxd6 Rbd8 22. Kf2 Nc6 23. Rxe8 Kxe8 24. Nb5 Ke7 25. Bc1 Re8 26. Ba3 Kd8 27. Rd2
Ba8 28. Bd6 Re6 29. Bc7+ Kc8 30. Bg3 Re7 31. Bd6 Re6 32. Bg3 Re7 33. Nd6+ Kd8
34. Nf5 Rf7 35. Bd6 h5 36. Ba3 g6 37. Nd6 Re7 38. Ne4 Re6 39. h4 Ne5 40. Nd6 a6
41. Rd4 Bc6 42. Kg3 Kc7 43. Kf2 Ba8 44. Nc4 b5 45. Ne3 g5 46. Bb2 Ng6 47. hxg5
fxg5 48. axb5 axb5 49. c4 bxc4 50. Rxc4+ Bc6 51. Bf6 g4 52. Bg5 Re5 53. Bh6 gxf3
54. gxf3 Rb5 55. b4 Kb6 56. Bg7 d6 57. Bd4+ Kb7 58. Bf6 Bd5 59. Rc1 Be6 60. Nc4
Rd5 61. b5 Kb8 62. Rc2 h4 63. b6 h3 64. Kg3 Rd3 65. Na5 Bd5 66. Rc3 h2 67. Kxh2
Rxf3 68. Rxf3 1/2-1/2

[Event "TCh-RUS HL 2022"]
[Site "Sochi RUS"]
[Date "2022.05.08"]
[Round "7.3"]
[Board "2"]
[White "Uskov, Artem"]
[Black "Zverev, Lev"]
[Result "0-1"]
[WhiteTitle "FM"]
[BlackTitle "CM"]
[WhiteElo "2403"]
[BlackElo "2117"]
[WhiteTeam "Severnyy kharakter (g. Moskva)"]
[BlackTeam "Shkola im. M.M. Botvinnika (g. Moskva)"]
[WhiteFideId "34254854"]
[BlackFideId "24250775"]
[EventDate "2022.05.01"]

1. e4 e5 2. Nf3 Nc6 3. Bb5 a6 4. Ba4 Nf6 5. O-O b5 6. Bb3 Bc5 7. c3 d6 8. a4 Rb8
9. axb5 axb5 10. d4 Bb6 11. Na3 Bg4 12. Nxb5 O-O 13. Be3 exd4 14. cxd4 Nxe4 15.
Bd5 Qe8 16. Qc2 Bxf3 17. Bxc6 Qe6 18. gxf3 Qg6+ 19. Bg5 Nxg5 20. Qxg6 hxg6 21.
Rfe1 Ne6 22. Ra4 g5 23. Kf1 g6 24. d5 Nf4 25. h4 Nd3 26. Re7 gxh4 27. Rxh4 Bxf2
28. Rh2 Bb6 29. Nc3 Kg7 30. Ne4 Rh8 31. Rxh8 Rxh8 32. Kg2 Ne1+ 33. Kg3 Rh1 34.
f4 Rg1+ 35. Kh2 Nf3+ 36. Kh3 Re1 37. Re8 Re3 38. Kg2 Ne1+ 39. Kf1 Nd3 40. Nxd6
cxd6 41. Rxe3 Bxe3 42. Ke2 Nxb2 43. Kxe3 Nc4+ 44. Kd3 Nb6 45. Ke4 Kf6 46. Be8
Ke7 47. Bb5 f5+ 48. Kd4 Kf6 49. Be8 g5 50. fxg5+ Kxg5 51. Bf7 Nd7 52. Be6 Nc5
53. Bf7 f4 54. Be8 Kg4 55. Bb5 Kg3 56. Bc4 Kg2 0-1

[Event "TCh-RUS HL 2022"]
[Site "Sochi RUS"]
[Date "2022.05.08"]
[Round "7.3"]
[Board "3"]
[White "Yudin, Ivan"]
[Black "Yashmetov, Mikhail"]
[Result "1/2-1/2"]
[WhiteTitle "FM"]
[BlackTitle "FM"]
[WhiteElo "2303"]
[BlackElo "2319"]
[WhiteTeam "Shkola im. M.M. Botvinnika (g. Moskva)"]
[BlackTeam "Severnyy kharakter (g. Moskva)"]
[WhiteFideId "4198751"]
[BlackFideId "24198900"]
[EventDate "2022.05.01"]

1. Nf3 Nf6 2. c4 g6 3. Nc3 d5 4. cxd5 Nxd5 5. Qa4+ Nc6 6. Ne5 Qd6 7. Nxc6 Qxc6
8. Qxc6+ bxc6 9. g3 Nb4 10. Bg2 Bg7 11. O-O O-O 12. d3 Rb8 13. Bd2 Rd8 14. Rfc1
Bg4 15. Kf1 Be6 16. b3 a5 17. Rab1 Bxc3 18. Rxc3 Nxa2 19. Rxc6 a4 20. b4 Rd7 21.
Ra6 Bb3 22. Bc6 Rd6 23. b5 Rd4 24. Be3 Rdd8 25. Bd2 Rd4 26. Be3 Rdd8 27. Bd2 1/2-1/2

[Event "TCh-RUS HL 2022"]
[Site "Sochi RUS"]
[Date "2022.05.08"]
[Round "7.3"]
[Board "4"]
[White "Sutormin, Danila"]
[Black "Petrovsky, Nikita"]
[Result "1-0"]
[WhiteTitle "FM"]
[WhiteElo "2384"]
[BlackElo "1993"]
[WhiteTeam "Severnyy kharakter (g. Moskva)"]
[BlackTeam "Shkola im. M.M. Botvinnika (g. Moskva)"]
[WhiteFideId "24108669"]
[BlackFideId "54177367"]
[EventDate "2022.05.01"]

1. e4 c5 2. Nf3 d6 3. d4 cxd4 4. Nxd4 Nf6 5. Nc3 Nc6 6. Bg5 e6 7. Qd2 a6 8.
O-O-O Bd7 9. f3 b5 10. Kb1 Qb6 11. Be3 Qb7 12. g4 Nxd4 13. Qxd4 h6 14. h4 Bc6
15. Bg2 b4 16. Ne2 e5 17. Qd2 d5 18. g5 dxe4 19. gxf6 exf3 20. Bxf3 Bxf3 21.
Rhf1 Bxe2 22. Qxe2 gxf6 23. Rxf6 Be7 24. Rf5 Qc7 25. Qh5 Bd6 26. Rxd6 Qxd6 27.
Rxe5+ Kd7 28. Rd5 Kc6 29. Rxd6+ Kxd6 30. Qc5+ Ke6 31. Qc4+ Kf5 32. Qf4+ Ke6 33.
Qe4+ Kd6 34. Bf4+ 1-0

[Event "TCh-RUS HL 2022"]
[Site "Sochi RUS"]
[Date "2022.05.08"]
[Round "7.4"]
[Board "1"]
[White "Yeletsky, Ivan"]
[Black "Bryakin, Mikhail"]
[Result "0-1"]
[WhiteTitle "FM"]
[BlackTitle "IM"]
[WhiteElo "2461"]
[BlackElo "2456"]
[WhiteTeam "Temus Tim (g. Moskva)"]
[BlackTeam "Severnyy kharakter - 2 (g. Moskva)"]
[WhiteFideId "24180327"]
[BlackFideId "4165314"]
[EventDate "2022.05.01"]

1. e4 c6 2. d4 d5 3. e5 Bf5 4. g4 Be4 5. f3 Bg6 6. e6 Qd6 7. exf7+ Bxf7 8. Nc3
Nd7 9. f4 g5 10. fxg5 e5 11. Be3 Bg7 12. Nf3 Ne7 13. Qd2 Be6 14. h3 Ng6 15.
O-O-O e4 16. Ne1 O-O 17. Ng2 Rf7 18. Be2 b5 19. h4 Nb6 20. h5 Nf8 21. Nf4 b4 22.
Nb1 Nc4 23. Bxc4 dxc4 24. g6 hxg6 25. hxg6 Rb7 26. Qg2 c3 27. b3 Bd5 28. Rdf1
Nxg6 29. Qh3 Nf8 30. Nh5 Bh8 31. Ng3 Bg7 32. Nf5 Qg6 33. Bh6 Nh7 34. Bxg7 Rxg7
35. Nxg7 Qxg7 36. Rf5 Ng5 37. Qh5 Ne6 38. Qh3 Nxd4 39. Rh5 Ne2+ 40. Kd1 Nf4 41.
Qe3 Nxh5 42. gxh5 Kh7 43. h6 Qf7 44. Ke1 Rf8 45. Rg1 Qf4 46. Qxa7+ Rf7 47. Rg7+
Kxh6 48. Rxf7 Bxf7 0-1

[Event "TCh-RUS HL 2022"]
[Site "Sochi RUS"]
[Date "2022.05.08"]
[Round "7.4"]
[Board "2"]
[White "Gurvich, Vitaly"]
[Black "Khudyakov, Stanislav"]
[Result "1/2-1/2"]
[WhiteTitle "FM"]
[WhiteElo "2264"]
[BlackElo "2257"]
[WhiteTeam "Severnyy kharakter - 2 (g. Moskva)"]
[BlackTeam "Temus Tim (g. Moskva)"]
[WhiteFideId "24164852"]
[BlackFideId "44131232"]
[EventDate "2022.05.01"]

1. Nf3 d5 2. e3 Nf6 3. c4 e6 4. b3 Be7 5. Bb2 O-O 6. Nc3 c5 7. cxd5 exd5 8. d4
Nc6 9. Be2 b6 10. O-O Bb7 11. Rc1 Rc8 12. Na4 Ne4 13. dxc5 Nxc5 14. Nxc5 bxc5
15. Qd2 1/2-1/2

[Event "TCh-RUS HL 2022"]
[Site "Sochi RUS"]
[Date "2022.05.08"]
[Round "7.4"]
[Board "3"]
[White "Rostovtsev, Dmitry"]
[Black "Kirchei, Viktoriia"]
[Result "1-0"]
[WhiteTitle "FM"]
[BlackTitle "WFM"]
[WhiteElo "2299"]
[BlackElo "2253"]
[WhiteTeam "Temus Tim (g. Moskva)"]
[BlackTeam "Severnyy kharakter - 2 (g. Moskva)"]
[WhiteFideId "34278320"]
[BlackFideId "34133396"]
[EventDate "2022.05.01"]

1. e4 c5 2. Nf3 Nc6 3. d4 cxd4 4. Nxd4 g6 5. c4 Bg7 6. Be3 Nf6 7. Nc3 d6 8. Be2
Bd7 9. O-O O-O 10. h3 Nxd4 11. Bxd4 Bc6 12. Qc2 a5 13. Rad1 Nd7 14. Bxg7 Kxg7
15. Bg4 Ne5 16. c5 Nxg4 17. hxg4 Qc8 18. cxd6 exd6 19. f3 Qe6 20. Rd4 Rad8 21.
Qd2 b5 22. a3 Rd7 23. Rd1 Rfd8 24. Nd5 Ra7 25. Qc3 Bxd5 26. Rxd5+ Kg8 27. Rxb5
Rc8 28. Qd4 Ra6 29. Rd5 Rb8 30. Rxd6 Rxd6 31. Qxd6 Qb3 32. Qd4 Qc2 33. Rd2 Qc1+
34. Kh2 Qe1 35. Qf2 Qb1 36. Qg1 Qa2 37. Qa7 Rxb2 38. Rxb2 Qxb2 39. Qxa5 Qb8+ 40.
Kh3 Qf4 41. Qd8+ Kg7 42. a4 Qc1 43. Qd4+ Kg8 44. Qd8+ Kg7 45. g5 Qh1+ 46. Kg3
Qe1+ 47. Kg4 Qh1 48. g3 h5+ 49. gxh6+ Qxh6 50. Qg5 Qh2 51. Qe5+ Kg8 52. a5 Qd2
53. a6 Qd7+ 54. Kg5 Qd2+ 55. f4 Qd3 56. Kh6 Kf8 57. a7 1-0

[Event "TCh-RUS HL 2022"]
[Site "Sochi RUS"]
[Date "2022.05.08"]
[Round "7.4"]
[Board "4"]
[White "Arbuzov, Mikhail"]
[Black "Voinikonis, Nikita"]
[Result "1-0"]
[BlackTitle "FM"]
[WhiteElo "2181"]
[BlackElo "2086"]
[WhiteTeam "Severnyy kharakter - 2 (g. Moskva)"]
[BlackTeam "Temus Tim (g. Moskva)"]
[WhiteFideId "34105244"]
[BlackFideId "34187500"]
[EventDate "2022.05.01"]

1. d4 d5 2. c4 c6 3. Nc3 dxc4 4. e3 b5 5. a4 b4 6. Na2 e6 7. Bxc4 Nf6 8. Qe2 Be7
9. Nf3 O-O 10. O-O a5 11. b3 Nbd7 12. Bb2 Bb7 13. Rfd1 Qb6 14. Nc1 c5 15. Nd3
Rac8 16. Nfe5 Nxe5 17. Nxe5 Rfd8 18. Rac1 cxd4 19. Bxd4 Bc5 20. Bb2 Be7 21. Bd4
Bc5 22. Bb2 Be7 23. h3 Nd5 24. Qh5 g6 25. Qf3 f6 26. Bd4 Qd6 27. Ng4 f5 28. Nf6+
Kf7 29. Ng4 Kg8 30. Nf6+ Kf7 31. Nxd5 Bxd5 32. Bxd5 Rxc1 33. Bxe6+ Qxe6 34. Rxc1
Qxb3 35. Qf4 Ke8 36. Qe5 Qxa4 37. Rc7 Rd7 38. Qh8+ Kf7 39. Qxh7+ Kf8 40. Bg7+
Kf7 41. Bd4+ Kf8 42. Qg7+ Ke8 43. Qg8+ Bf8 44. Rc8+ 1-0

[Event "TCh-RUS HL 2022"]
[Site "Sochi RUS"]
[Date "2022.05.09"]
[Round "8.1"]
[Board "1"]
[White "Chekhov, Sergei"]
[Black "Shomoev, Anton"]
[Result "1/2-1/2"]
[WhiteTitle "IM"]
[BlackTitle "GM"]
[WhiteElo "2451"]
[BlackElo "2576"]
[WhiteTeam "Inleksis (Voronezhskaya oblast)"]
[BlackTeam "Yuzhnyy Ural - 2 (Chelyabinskaya oblast)"]
[WhiteFideId "4195639"]
[BlackFideId "4135148"]
[EventDate "2022.05.01"]

1. e4 c5 2. c3 d5 3. exd5 Qxd5 4. d4 Nf6 5. Nf3 Bg4 6. Be2 e6 7. h3 Bh5 8. O-O
Nc6 9. Be3 cxd4 10. Nxd4 Bxe2 11. Qxe2 Be7 12. Nd2 1/2-1/2

[Event "TCh-RUS HL 2022"]
[Site "Sochi RUS"]
[Date "2022.05.09"]
[Round "8.1"]
[Board "2"]
[White "Baigildin, Albert"]
[Black "Klimentov, Evgeny"]
[Result "1/2-1/2"]
[BlackTitle "FM"]
[WhiteElo "2301"]
[BlackElo "2281"]
[WhiteTeam "Yuzhnyy Ural - 2 (Chelyabinskaya oblast)"]
[BlackTeam "Inleksis (Voronezhskaya oblast)"]
[WhiteFideId "4131541"]
[BlackFideId "24128899"]
[EventDate "2022.05.01"]

1. e4 c6 2. d4 d5 3. Nc3 dxe4 4. Nxe4 Nf6 5. Nxf6+ exf6 6. c3 Bd6 7. Bd3 O-O 8.
Ne2 Re8 9. O-O Nd7 10. Bf4 Nf8 11. Qd2 Bg4 12. Ng3 Qc7 13. Bxd6 Qxd6 14. Rfe1
Rxe1+ 15. Rxe1 Rd8 16. a3 Bc8 17. Qe2 g6 18. Ne4 Qe7 19. h3 f5 20. Nd2 Qxe2 21.
Bxe2 c5 22. Nb3 cxd4 23. Nxd4 Ne6 24. Rd1 Nxd4 25. Rxd4 Rxd4 26. cxd4 f4 27. Bf3
Kf8 28. Kf1 Ke7 29. Ke2 g5 30. Kd2 Kd6 31. Be2 1/2-1/2

[Event "TCh-RUS HL 2022"]
[Site "Sochi RUS"]
[Date "2022.05.09"]
[Round "8.1"]
[Board "3"]
[White "Aminov, Andrey"]
[Black "Matsenko, Andrei"]
[Result "1-0"]
[BlackTitle "FM"]
[WhiteElo "2297"]
[BlackElo "2242"]
[WhiteTeam "Inleksis (Voronezhskaya oblast)"]
[BlackTeam "Yuzhnyy Ural - 2 (Chelyabinskaya oblast)"]
[WhiteFideId "24162728"]
[BlackFideId "24146501"]
[EventDate "2022.05.01"]

1. e4 c6 2. d4 d5 3. exd5 cxd5 4. Bf4 Nc6 5. c3 Nf6 6. Nd2 g6 7. Be2 Bg7 8. h3
O-O 9. Ngf3 Bf5 10. O-O a6 11. Re1 Re8 12. Bf1 h6 13. Ne5 Rc8 14. g4 Bd7 15. Nd3
b6 16. a4 h5 17. f3 Nh7 18. Bg3 hxg4 19. hxg4 Nf8 20. f4 f6 21. Qf3 Be6 22. f5
Bf7 23. Nf4 Ra8 24. Ne6 Qd7 25. Nc7 e5 26. fxe6 Bxe6 27. Bg2 Ne7 28. Nxa8 Rxa8
29. g5 fxg5 30. Nc4 Re8 31. Nxb6 Qc6 32. a5 g4 33. Qf4 Qb5 34. b4 Nf5 35. Bf1
Qc6 36. Qc7 Qxc7 37. Bxc7 Bh6 38. b5 Nh4 39. Bg2 1-0

[Event "TCh-RUS HL 2022"]
[Site "Sochi RUS"]
[Date "2022.05.09"]
[Round "8.1"]
[Board "4"]
[White "Safin, Timur"]
[Black "Polukhin, Alexander"]
[Result "1-0"]
[WhiteElo "2203"]
[BlackElo "2170"]
[WhiteTeam "Yuzhnyy Ural - 2 (Chelyabinskaya oblast)"]
[BlackTeam "Inleksis (Voronezhskaya oblast)"]
[WhiteFideId "34134937"]
[BlackFideId "34143022"]
[EventDate "2022.05.01"]

1. d4 d5 2. c4 e6 3. Nc3 c6 4. e4 Bb4 5. e5 c5 6. a3 Bxc3+ 7. bxc3 Ne7 8. Nf3
Nbc6 9. h4 h6 10. h5 Qc7 11. Bf4 Bd7 12. Bd3 Na5 13. cxd5 Nxd5 14. Bd2 c4 15.
Bc2 O-O-O 16. Rh3 Rdg8 17. Rg3 Be8 18. Nh4 Ne7 19. Rb1 g5 20. hxg6 fxg6 21. Qg4
Qd7 22. f4 Nf5 23. Nxf5 exf5 24. Qe2 Bf7 25. Rb4 Bd5 26. Kf1 Nc6 27. Rxc4 Bxc4
28. Qxc4 Kb8 29. d5 g5 30. Ba4 Na5 31. Qd4 Qc8 32. e6 Qc4+ 33. Kf2 Qxd4+ 34.
cxd4 Nc4 35. Bb4 a6 36. Rc3 b5 37. Rxc4 bxc4 38. d6 gxf4 39. d7 c3 40. e7 c2 41.
Bxc2 Kc7 42. Ba4 a5 43. Bxa5+ Kd6 44. e8=Q 1-0

[Event "TCh-RUS HL 2022"]
[Site "Sochi RUS"]
[Date "2022.05.09"]
[Round "8.2"]
[Board "1"]
[White "Bryakin, Mikhail"]
[Black "Belyakov, Bogdan"]
[Result "1/2-1/2"]
[WhiteTitle "IM"]
[BlackTitle "IM"]
[WhiteElo "2456"]
[BlackElo "2457"]
[WhiteTeam "Severnyy kharakter - 2 (g. Moskva)"]
[BlackTeam "Qmal (QNAO)"]
[WhiteFideId "4165314"]
[BlackFideId "24104795"]
[EventDate "2022.05.01"]

1. d4 Nf6 2. c4 e6 3. Nc3 Bb4 4. Bd2 O-O 5. e3 Re8 6. Nf3 Bf8 7. Bd3 d6 8. e4 e5
9. d5 Na6 10. a3 c6 11. b4 Nc7 12. O-O 1/2-1/2

[Event "TCh-RUS HL 2022"]
[Site "Sochi RUS"]
[Date "2022.05.09"]
[Round "8.2"]
[Board "2"]
[White "Savitskiy, Sergey"]
[Black "Kirchei, Viktoriia"]
[Result "1-0"]
[WhiteTitle "IM"]
[BlackTitle "WFM"]
[WhiteElo "2401"]
[BlackElo "2253"]
[WhiteTeam "Qmal (QNAO)"]
[BlackTeam "Severnyy kharakter - 2 (g. Moskva)"]
[WhiteFideId "24105660"]
[BlackFideId "34133396"]
[EventDate "2022.05.01"]

1. e4 e5 2. Nf3 Nc6 3. d4 exd4 4. Nxd4 Bc5 5. Nb3 Bb6 6. a4 a6 7. Nc3 Nf6 8. Bg5
d6 9. a5 Ba7 10. Qe2 h6 11. Bh4 g5 12. Bg3 Bg4 13. f3 Be6 14. Nd5 Bxd5 15. exd5+
Ne7 16. O-O-O Qd7 17. Bf2 Bxf2 18. Qxf2 Nfxd5 19. h4 Rg8 20. hxg5 hxg5 21. Bc4
Nf4 22. g3 Nfg6 23. Rhe1 Qf5 24. Bd3 Qf6 25. Be4 c6 26. Qb6 Kf8 27. Qxb7 Kg7 28.
Bxg6 Nxg6 29. Qxc6 Rgc8 30. Qxd6 Qxf3 31. Nd4 Qf6 32. Qxf6+ Kxf6 33. Rf1+ Kg7
34. Nf5+ Kf8 35. Rd7 Ne5 36. Rh1 Kg8 37. Ne7+ Kf8 38. Rh8+ Kg7 39. Rxc8 Rxc8 40.
Rd5 Re8 41. Rxe5 Kf6 42. Rf5+ Kxe7 43. Re5+ Kd7 44. Rxe8 Kxe8 45. b4 Kd7 46. g4
Kc6 47. c4 1-0

[Event "TCh-RUS HL 2022"]
[Site "Sochi RUS"]
[Date "2022.05.09"]
[Round "8.2"]
[Board "3"]
[White "Arbuzov, Mikhail"]
[Black "Sergeyev, Alexander"]
[Result "1-0"]
[BlackTitle "FM"]
[WhiteElo "2181"]
[BlackElo "2328"]
[WhiteTeam "Severnyy kharakter - 2 (g. Moskva)"]
[BlackTeam "Qmal (QNAO)"]
[WhiteFideId "34105244"]
[BlackFideId "13702076"]
[EventDate "2022.05.01"]

1. Nf3 Nf6 2. b3 c5 3. Bb2 Nc6 4. e3 d6 5. d4 cxd4 6. exd4 d5 7. Be2 Bg4 8. O-O
e6 9. h3 Bh5 10. Ne5 Bxe2 11. Qxe2 Bd6 12. Nd2 O-O 13. Ng4 Rc8 14. Nxf6+ Qxf6
15. Nf3 Qg6 16. c4 Rfd8 17. Rfd1 Ne7 18. c5 Bc7 19. b4 Qf5 20. Qd3 Qh5 21. Qe3
h6 22. Ne1 Nf5 23. Qf3 Qg6 24. g3 h5 25. Ng2 Rd7 26. b5 Re8 27. a4 Ne7 28. Bc3
f6 29. a5 a6 30. bxa6 bxa6 31. Qe2 e5 32. Qxa6 e4 33. Qe6+ 1-0

[Event "TCh-RUS HL 2022"]
[Site "Sochi RUS"]
[Date "2022.05.09"]
[Round "8.2"]
[Board "4"]
[White "Semenova, Elena1"]
[Black "Lupolov, Boris"]
[Result "1/2-1/2"]
[WhiteTitle "WIM"]
[WhiteElo "2280"]
[BlackElo "1988"]
[WhiteTeam "Qmal (QNAO)"]
[BlackTeam "Severnyy kharakter - 2 (g. Moskva)"]
[WhiteFideId "24125148"]
[BlackFideId "44130457"]
[EventDate "2022.05.01"]

1. e4 c6 2. Nf3 d5 3. Nc3 Bg4 4. d4 Nf6 5. e5 Nfd7 6. h3 Bxf3 7. Qxf3 e6 8. Bf4
c5 9. dxc5 Nc6 10. Bb5 Bxc5 11. Qg3 g6 12. h4 h5 13. Rd1 a6 14. Bxc6 bxc6 15.
Bg5 Qc7 16. O-O O-O 17. Na4 Ba7 18. Rfe1 Rfc8 19. b3 Nc5 20. Nxc5 Bxc5 21. Bf6
Kh7 22. Qf3 Bf8 23. g4 hxg4 24. Qxg4 Bh6 25. Re3 Bxe3 26. fxe3 Rh8 27. Kf2 Kg8
28. Bxh8 Kxh8 29. Qf4 Qe7 30. Qh6+ Kg8 31. Rg1 Qb4 32. h5 Qh4+ 33. Kf1 Rb8 34.
a3 a5 35. Qg5 Qxg5 36. Rxg5 Kg7 37. Rg4 Kh6 38. hxg6 fxg6 39. Ke2 g5 40. Ra4 Rb5
41. e4 Kg6 42. Ke3 Kh5 43. b4 axb4 44. axb4 g4 45. c3 Kg5 46. Ra8 dxe4 47. Kxe4
g3 48. Rg8+ Kh4 49. Kf4 Kh5 50. Rxg3 c5 51. bxc5 Rxc5 52. Ke4 Rc4+ 53. Kd3 Rc5
54. Re3 Kg4 55. Kd4 Rd5+ 56. Ke4 Rc5 57. Kd4 Rd5+ 58. Ke4 Rc5 59. Re1 Rxc3 60.
Rg1+ Rg3 61. Rf1 Kg5 62. Rf6 Rg4+ 63. Ke3 Ra4 64. Kd3 Rb4 65. Rxe6 Kf5 66. Re8
Ra4 67. e6 Kf6 68. e7 Kf7 69. Rd8 1/2-1/2